| 000 | | | 05116nac2a22003493x 450 |
| 001 | | | bdc670e4-d286-4bf3-80bc-b91985e04325 |
| 005 | | | 20250804230702.0 |
| 100 | ## | $a | 20250619l19351935k y0rusy50 ca |
| 101 | 0# | $a | rus |
| | $a | mul |
| 102 | ## | $a | RU |
| 105 | ## | $a | y z ||||| |
| 122 | 2# | $a | d19350621 |
| | $a | d19350723 |
| 200 | 1# | $a | Выписка из протокола Заседания Президиума ЦИКС о переименовании островов Самуила в острова "Комсомольской Правды" |
| | $j | 21.06.1935 - 23.07.1935 |
| 215 | ## | $a | 5 листов |
| | $d | 34,8 х 22,7 |
| 251 | ## | $c | Дело |
| 300 | ## | $a | Заголовок дела на папке: Выписка из протокола заседания Президиума ЦИКС О переименовании островов Самуила в острова "Комсомольской Правды" |
| 300 | ## | $a | Часть текста на языках народов СССР |
| 300 | ## | $a | Часть текста машинописная с рукописными пометками, часть - напечатана типографским способом |
| 330 | ## | $a | Входит в раздел описи: Оргкомиссия |
| 461 | #0 | $1 | 001RuPRLIB520124725 |
| | $1 | 2001 |
| | $a | ЦЕНТРАЛЬНЫЙ ИСПОЛНИТЕЛЬНЫЙ КОМИТЕТ СССР (ЦИК СССР). |
| | $1 | 251 |
| | $c | Фонд |
| | $1 | 852 |
| | $g | Р |
| | $j | 3316 |
| 462 | #0 | $1 | 001RuPRLIB520125317 |
| | $1 | 2001 |
| | $a | Дела Секретариата Президиума ЦИК Союза ССР за 1935 год |
| | $v | Д. 45 |
| | $1 | 251 |
| | $c | Опись |
| | $1 | 852 |
| | $j | 28 |
| 517 | 1# | $a | Выписка из протокола заседания Президиума ЦИКС О переименовании островов Самуила в острова "Комсомольской Правды" |
| 601 | 01 | $3 | RU\NLR\AUTH\880398220 |
| | $a | СССР |
| | $b | Центральный исполнительный комитет |
| | $b | Президиум |
| 605 | ## | $3 | DITM\AF\0000002775 |
| | $a | Власть |
| | $l | коллекция |
| | $2 | acquisition_prlib |
| 607 | ## | $a | Самуила, острова |
| 607 | ## | $a | Комсомольской Правды, острова |
| 610 | 1# | $a | Выписка из протокола |
| | $a | Переименование |
| | $a | Острова |
| 686 | ## | $a | 67.401.011.12ю1 |
| | $c | Право |
| | $2 | rubbk |
| 686 | ## | $a | 63.3(2)614-332ю1 |
| | $c | История |
| | $2 | rubbk |
| 801 | #0 | $a | RU |
| | $b | GA_RF |
| 801 | #1 | $a | RU |
| | $b | ГлавНИВЦ |
| | $c | 20250619 |
| | $2 | rusmarc |
| 801 | #2 | $a | RU |
| | $b | ПБ им. Б.Н. Ельцина |
| | $c | 20250804 |
| | $g | RCR |
| | $2 | rusmarc |
| 852 | ## | $a | ГА РФ |
| | $j | 45 |
| 937 | ## | $d | 197752814 |
| | $h | ГАРФ |
| 035 | ## | $a | RuPRLIB51080163 |
| 856 | ## | $u | http://readingroom.main.prlib.ru/item.aspx?id_node=n197752814&mode=full |